000 00651nam a2200205Ii 4500
003 JO-AjNU
008 230606s9999||||xx |||||||||||||| ||und||
020 _a81-7381-562-3
040 _aJO-AjNU
_beng
_erda
_cJO-AjNU
041 _aeng
050 1 4 _aHF5635. B36 2008
100 3 _aBasu, B K,
_eauthor
_9345
245 0 0 _aLectures on Management Accountancy : Principles, System, and Practice
264 3 1 _aIndia: New Centeral Book Agency,2008
300 _a1101p
_bIncludes indexes 1095-1101 p
336 _atext
_btxt
_2rdacontent
337 _aunmediated
_bn
_2rdamedia
338 _avolume
_bnc
_2rdacarrier
650 4 _aManagement Accountancy
_9346
999 _aE181
_c181
_d181